000 00225nam a22000977a 4500
999 _c521809
_d521809
082 _aTNC
100 _aAsian
_936040
245 _aEnergy Policy Experience Of Asian Countries
260 _aManila
_bAsian
_c1987
300 _a186p.